000 01001nam a2200277Ia 4500
003 OSt
005 20221005110348.0
006 a|||||r|||| 00| 0
007 ta
008 221004b |||||||| |||| 00| 0 hin d
020 _a9789380146027 (hbk)
_cINR 250.00
024 _a42539
037 _bIN-2303, 14/03/2019, Kitab Ghar Prakashan
_cTextual
040 _aCRL
_cCRL
_bhin
041 _2hin
_ahin
082 _aO152,3N484x, Q3
100 _aशर्मा, नासिरा, ले.
245 0 _aइनसानी नस्ल
246 _aInasānī nasla
260 _aनई दिल्ली
_bकिताबघर प्रकाशन भारत
_c2013
300 _a160पृ0
_ccm.
650 _a हिन्दी साहित्य
650 _aहिन्दी कहानी
942 _hO152,3N484x, Q3
_cTEXL
_2cc
999 _c1018584
_d1018584